000 01005nam a2200301 c 4500
003 EG-GICUC
005 20260422165428.0
008 260422s19691970fr d|||frg||| 000 0 fre d
040 _aEG-GiCUC
_bfre
_cEG-GiCUC
_dEG-GiCUC
_eRda
041 0 _afre
082 0 4 _221
_a343.302
_bCO
092 0 4 _221
099 _aLaw1 10 343.302 CO 1970
245 0 0 _aCode pénale :
_bAnnoté D'après La Doctrine Et La Jurisprudence Avec Renvois Aux Publications Dalloz.
250 _aSoixante-septième édition
264 1 _a Paris :
_bJurisprudence Générale Dalloz,
_c1970.
300 _a855 page, pages non numérotées :
_btableaux ;
_c15cm.
336 _2rda contenu
_a texte
337 _2rda medias
_aOrdinateur
338 _2 transporteur rda
_a Ressource en ligne
490 0 _3Petits Codes Dalloz
546 _aTexte en français
650 1 4 _aDroit pénal
_2qrmak
651 1 _2qrmak
856 4 0 _uhttps://fll.law.cu.edu.eg/fulltext/bks/B10-11181.pdf
905 _a62
942 _2ddc
_cBK
_e21
_n0
999 _c72843
_d72843